Willy Wonka and the Chocolate Factory Characters - Statistics

General Stats
  • This quiz has been taken 126 times
  • The average score is 6 of 8
Answer Stats
Hint Answer % Correct
Peter Ostrum Charlie Bucket
99%
Gene Wilder Willy Wonka
99%
Denise Nickerson Violet Beauregarde
89%
Michael Bollner Augustus Gloop
85%
Jack Albertson Grandpa Joe
85%
Paris Themmen Mike Teevee
85%
Julie Dawn Cole Veruca Salt
84%
David Battley Mr Turkentine
11%
No matching quizzes found
Score Distribution
Percent of People with Each Score
Percentile by Number Answered
Your Score History
You have not taken this quiz